| 000 | 00506 a2200193 4500 | ||
|---|---|---|---|
| 005 | 20250605113422.0 | ||
| 008 | 250602b |||||||| |||| 00| 0 eng d | ||
| 020 |
_a9788195825912 _cRs. 695.00 |
||
| 040 | _aMAIN | ||
| 082 |
_a181.4 _bA36B |
||
| 100 | _aAshok Kumar | ||
| 245 | _aBharitya darshan ka vagyanik aadhar | ||
| 260 |
_aJaipur _bRachana Prakashan _c2023 |
||
| 300 | _a344 | ||
| 650 | _aPhilosophy- Indic | ||
| 650 | _aScience- Philosophy | ||
| 650 | _aPhilosophy and Science | ||
| 942 | _cBK | ||
| 999 |
_c386843 _d386843 |
||